00000000cam 2200000zi 4500
0019.963286
003CaOODSP
00520260603115826
006m     o  d f      
007cr |n|||||||||
008260603e197410  onc     o    f000 0 fre d
040 |aCaOODSP|bfre|erda|cCaOODSP
043 |an-cn---
0861 |aJS22-86/1974F-PDF
24500|aDocument de travail sur le role de l'Agence fédérale de correction.
264 1|a[Ottawa] : |b[Solliciteur général Canada], |coctobre 1974.
300 |a1 ressource en ligne (iv, 139 pages)
336 |atexte|btxt|2rdacontent/fre
337 |ainformatique|bc|2rdamedia/fre
338 |aressource en ligne|bcr|2rdacarrier/fre
500 |aÉdition numérisée de l'imprimé [par Sécurité publique Canada].
500 |aPublié aussi en anglais sous le titre : Discussion paper on the role of the Federal Corrections Agency.
61026|aService correctionnel Canada.
650 6|aServices correctionnels|zCanada.
7101 |aCanada. |bSolliciteur général Canada, |eorganisme de publication.
77508|tDiscussion paper on the role of the Federal Corrections Agency.|w(CaOODSP)9.958977
85640|qPDF|s1.51 Mo|uhttps://publications.gc.ca/collections/collection_2026/sp-ps/JS22-86-1974-fra.pdf